UBT Library

Nonparametric and semiparametric methods in econometrics and statistics : (Record no. 42253)

000 -LEADER
fixed length control field 00859pam a2200229 a 4500
001 - CONTROL NUMBER
control field 2942944
005 - DATE AND TIME OF LATEST TRANSACTION
control field 20180209071704.0
008 - FIXED-LENGTH DATA ELEMENTS--GENERAL INFORMATION
fixed length control field 901123s1991 enka 100 0 eng
010 ## - LIBRARY OF CONGRESS CONTROL NUMBER
LC control number 90025517
020 ## - INTERNATIONAL STANDARD BOOK NUMBER
International Standard Book Number 0521370906
040 ## - CATALOGING SOURCE
Original cataloging agency DLC
Transcribing agency DLC
Modifying agency DLC
041 ## - LANGUAGE CODE
Language code of text/sound track or separate title eng
080 ## - UNIVERSAL DECIMAL CLASSIFICATION NUMBER
Universal Decimal Classification number 519.54 WIL
082 00 - DEWEY DECIMAL CLASSIFICATION NUMBER
Classification number 519.54 WIL
Edition number 20
100 ## - Rafti
Rafti 52
101 ## - Shkurtesa
Shkurtesa ECO
245 10 - TITLE STATEMENT
Title Nonparametric and semiparametric methods in econometrics and statistics :
Statement of responsibility, etc edited by William A. Barnett, James Powell, George Tauchen.
504 ## - BIBLIOGRAPHY, ETC. NOTE
Bibliography, etc Includes bibliographical references.
906 ## - LOCAL DATA ELEMENT F, LDF (RLIN)
a 7
b cbc
c orignew
d 1
e ocip
f 19
g y-gencatlg
942 ## - ADDED ENTRY ELEMENTS (KOHA)
Source of classification or shelving scheme
Item type Books
Holdings
Withdrawn status Lost status Source of classification or shelving scheme Damaged status Not for loan Collection code Permanent location Current location Shelving location Date acquired Total Checkouts Full call number Barcode Date last seen Price effective from Koha item type
          Koleksioni i përgjithshem UBT - Lipjan UBT - Lipjan Koleksioni i përgjithshem 02/09/2018   519.54 WIL 002-2999121 02/09/2018 02/09/2018 Books
UBT Library © 2015-2024. All rights reserved University Education for Business and Technology